| 000 | 01322cam a2200373 a 4500 | ||
|---|---|---|---|
| 999 |
_c4491 _d4491 |
||
| 001 | 16615408 | ||
| 003 | GZU | ||
| 005 | 20210316103956.0 | ||
| 008 | 110119s2010 enka b 001 0 eng d | ||
| 010 | _a 2010284542 | ||
| 015 |
_aGBB031237 _2bnb |
||
| 016 | 7 |
_a101550670 _2DNLM |
|
| 016 | 7 |
_a015494895 _2Uk |
|
| 020 | _a9781843928003 (hbk.) | ||
| 020 | _a9781843927990 (pbk.) | ||
| 035 | _a(OCoLC)ocn475456387 | ||
| 040 |
_aNLM _cNLM _dUKM _dBTCTA _dYDXCP _dC#P _dBWK _dBWX _dCDX _dNOH _dDLC |
||
| 042 |
_anlmcopyc _alccopycat |
||
| 050 | 0 | 0 |
_aRC451.4.P68 _bPSY 2010 |
| 245 | 0 | 0 |
_aPsychological therapy in prisons and other secure settings / _cedited by Joel Harvey and Kirsty Smedley. |
| 260 |
_aMilton Park, Abingdon : _bWillan, _c2010. |
||
| 300 |
_axxvii, 272 p. : _bill. ; _c24 cm. |
||
| 504 | _aIncludes bibliographical references and index. | ||
| 610 | 1 | 2 |
_aGreat Britain. _bNational Health Service. |
| 650 | 0 |
_aPrisoners _xMental health services. |
|
| 650 | 0 | _aPsychotherapy. | |
| 650 | 1 | 2 |
_aMental Health Services _zGreat Britain. |
| 650 | 1 | 2 |
_aPrisoners _xpsychology _zGreat Britain. |
| 650 | 2 | 2 |
_aPsychotherapy _xmethods _zGreat Britain. |
| 700 | 1 |
_aHarvey, Joel. _eeditor |
|
| 700 | 1 |
_aSmedley, Kirsty. _eeditor |
|
| 906 |
_a7 _bcbc _ccopycat _d2 _encip _f20 _gy-gencatlg |
||
| 942 |
_2lcc _cBK _h451.4.P68 _iPSY _kRC |
||